000 00353 a2200169 4500
001 189973
020 _a978-85-08-11351-4
040 _cMagnum
100 _aJunqueira, Sonia
240 1 0 _aO pato e o sapo
_lpor
245 1 0 _aO pato e o sapo
300 _a23
362 0 _a2007
440 1 _aÁtica
697 _aLITERATURA INFANTIL
942 _cBK
999 _c189973
_d189973